zpět

Detail výsledku týmu

Bledý Úsvit, Český Těšín

Datum a čas kvízu

24.5 Celkem bodů Celkový počet nahraných bodů na tomto kvízu bez doplňovacích otázek.
4. Pořadí na kvízu Konečné umístění týmu na tomto kvízu.

Zaznamenané odpovědi

# Otázka Odpověď Body Výsledky
1. V Olomouci byli minulý týden p... propisku 1
2. Malajsie a Indonésie se jako p... Grok 0
3. Minulý týden bylo oznámeno jmé... o Hanse Zimmera 1
4. Mladoboleslavská automobilka p... Epiq; Peaq 0
5. Česká republika získala zásluh... krasobruslení 1
6. Vaším úkolem v tématu bude odh... červenou, bílou 0.5
7. Teď se podíváme na domácí fotb... tři 1
8. Pojďme na hokej. Lev v logu BK... zelená 1
9. Na základě zobrazených barev l... Los Angeles Lakers 0
10. Které americké město oslavuje... Pittsburgh 1